| 000 | 00464nam a2200145 i 4500 | ||
|---|---|---|---|
| 001 | 189338 | ||
| 003 | SpMaBN | ||
| 005 | 20230906223442.0 | ||
| 008 | 190523s1927 fr |||| | fre d | ||
| 100 | 1 |
_aBordeaux, Henry ( _d1870-1963) _9167114 |
|
| 245 | 1 | 3 |
_aLe barrage / _cHenri Bordeaux. |
| 260 |
_aParis : _bLibrairie Plon, _c[1927] |
||
| 300 |
_a317 p. ; _c19 cm. |
||
| 852 |
_aES-MaACL _jL-32343 _z. - Donat. herederos de la bibl. de Mª del Pilar Costa Palacín |
||
| 999 |
_c189338 _d189338 |
||